...for the Christian family. (Record no. 17808)

000 -LEADER
fixed length control field 01351nam a22002897a 4500
003 - CONTROL NUMBER IDENTIFIER
control field OkBaRHE
005 - DATE AND TIME OF LATEST TRANSACTION
control field 20110429173506.0
008 - FIXED-LENGTH DATA ELEMENTS--GENERAL INFORMATION
fixed length control field 110429t xxu||||| |||| 00| 0 eng d
040 ## - CATALOGING SOURCE
Transcribing agency
050 ## - LIBRARY OF CONGRESS CALL NUMBER
Classification number BV 4526.2
Item number .F67 1963
245 ## - TITLE STATEMENT
Title ...for the Christian family.
Remainder of title A family lfie publication.
Statement of responsibility, etc Prepared by the National Sunday School Department.
246 ## - VARYING FORM OF TITLE
Title proper/short title For the Christian family.
260 ## - PUBLICATION, DISTRIBUTION, ETC. (IMPRINT)
Place of publication, distribution, etc Springfield, MO
Name of publisher, distributor, etc Gospel Publishing House
Date of publication, distribution, etc 1963
300 ## - PHYSICAL DESCRIPTION
Extent 47 p.
Dimensions 17 cm.
500 ## - GENERAL NOTE
General note Includes list of books for the family.
520 ## - SUMMARY, ETC.
Summary, etc Contains articles published in the late 1950's and early 1960's on raising children in the home.
Expansion of summary note Contents:
Parental responsibility
Parental example
What makes our home wonderful
Understanding our children
Before we punsih
Teaching children to pray
What is family Worship
How to lead our children to Christ
Home and Church
Books for the family
650 ## - SUBJECT ADDED ENTRY--TOPICAL TERM
Topical term or geographic name as entry element Family
General subdivision Religious life.
9 (RLIN) 1116
700 ## - ADDED ENTRY--PERSONAL NAME
Personal name Ward, C. M.
9 (RLIN) 1117
700 ## - ADDED ENTRY--PERSONAL NAME
Personal name Bueltmann, A. J.
9 (RLIN) 1118
700 ## - ADDED ENTRY--PERSONAL NAME
Personal name Carlson, Arvid F.
9 (RLIN) 1119
700 ## - ADDED ENTRY--PERSONAL NAME
Personal name Nelson, Wesley W.
9 (RLIN) 1120
700 ## - ADDED ENTRY--PERSONAL NAME
Personal name Stoltzfus, Ruth
9 (RLIN) 1121
700 ## - ADDED ENTRY--PERSONAL NAME
Personal name Birrell, Jeanne D.
9 (RLIN) 1122
700 ## - ADDED ENTRY--PERSONAL NAME
Personal name Reeves, Billy E.
9 (RLIN) 1123
942 ## - ADDED ENTRY ELEMENTS (KOHA)
Source of classification or shelving scheme
Koha item type Books
Copies
Current Location Not for loan Price effective from Full call number Barcode Lost status Withdrawn status Koha item type Permanent Location Source of classification or shelving scheme Damaged status Date acquired Date last seen Copy number Shelving location
RHEMA Bible Training College 2011-04-29BV 4526.2 .F67 196321954  BooksRHEMA Bible Training College  2011-04-292011-04-291General Stacks